|
|
|
|
| LEADER |
00000nab a2200000 a 4500 |
| 001 |
vtls000351335 |
| 003 |
SK-MaSNL |
| 005 |
20260303235129.0 |
| 008 |
111202c1987 xo 0 slo |
| 015 |
|
|
|a SNBRA19rr/mm-uuuuu
|
| 035 |
|
|
|a CL0351457
|
| 040 |
|
|
|a SNKBUCL
|b slo
|c SNKBUCL
|e AACR2
|
| 041 |
0 |
|
|a slo
|
| 044 |
|
|
|a xo
|c SK
|
| 080 |
|
|
|a 621.316.9.053:006.4
|2 1981
|
| 080 |
|
|
|a 006.4
|2 1981
|
| 100 |
1 |
|
|a Ščevlík, Vavrinec
|4 aut
|9 507502
|
| 245 |
1 |
0 |
|a Porovnanie nových ČSN vzhľadom na uzemňovanie elektrických zariadení
|c Vavrinec Ščevlík
|
| 650 |
0 |
7 |
|a elektrotechnika
|2 snkbucl
|9 3619
|
| 650 |
0 |
7 |
|a elektrické zariadenia
|2 snkbucl
|9 3916
|
| 650 |
0 |
7 |
|a uzemňovanie (elektrotech.)
|2 snkbucl
|9 1273497
|
| 655 |
|
7 |
|a články zo zborníkov
|2 snkbucl
|9 166140
|
| 773 |
0 |
|
|t Projektovanie a montáž elektrických zariadení
|d Bratislava : Dom techniky ČSVTS, 1987
|
| 850 |
|
|
|a Slovenská národná knižnica v Martine
|a MTA001
|
| 852 |
|
|
|a SNK
|b KIS3GCP
|
| 958 |
|
|
|a RK
|
| 992 |
|
|
|a RZB
|
| 999 |
|
|
|c 2524192
|d 2526122
|